| 000 | 00661nam a2200205 u 4500 | ||
|---|---|---|---|
| 005 | 20240511063839.0 | ||
| 008 | 090204s2006 ea r 000 0 spa d | ||
| 020 | _a1404265724 | ||
| 035 | _aUPN01000168773 | ||
| 049 | _aI | ||
| 050 | 4 |
_aPZ76.3 _bS5.6 |
|
| 100 | 1 |
_aShea, Therese, _d1978- _933610 |
|
| 245 | 1 | 0 |
_aUn oso generoso / _cTherese Shea ; tr. José María Obregón. |
| 260 |
_aNew York : _bRosen Classroom Books & Materials, _c2006. |
||
| 300 |
_a8 p. : _bprincipalmente il. col. |
||
| 440 | 0 |
_aLecturas del barrio. _pFantasía |
|
| 650 | 4 |
_aOsos _vCuentos y leyendas _910810 |
|
| 650 | 7 |
_aLibros ilustrados para niños _2 _921365 |
|
| 905 | _aInfantil | ||
| 999 |
_c140879 _d140879 |
||